Visualizzazione normale
Vista MARC
- De Angelis Giampaolo
di Personal Name
Records bibliografici associati: 1
001 - CONTROL NUMBER
- control field: 51603
003 - CONTROL NUMBER IDENTIFIER
- control field: IT-RoPau
005 - DATE AND TIME OF LATEST TRANSACTION
- control field: 20151202173933.0
008 - FIXED-LENGTH DATA ELEMENTS
- fixed length control field: 151202|| aca||aabn | a|a d
040 ## - CATALOGING SOURCE
- Original cataloging agency: IT-RoPau
- Transcribing agency: IT-RoPau
100 ## - HEADING--PERSONAL NAME
- Personal name: De Angelis Giampaolo
- Miscellaneous information: Codice regista SPICS: 26359
670 ## - SOURCE DATA FOUND
- Source citation: Work cat.: (IT-RoPau)107317: De Angelis Giampaolo Codice regista SPICS: 26359, LORETO: LA CHIESA ITALIANA A CONVEGNO LORETO: LA CHIESA ITALIANA A CONVEGNO (Rif. Codice opera principale : 37388)